| 000 | 00509nam a2200181Ia 4500 | ||
|---|---|---|---|
| 999 |
_c28612 _d28612 |
||
| 003 | OSt | ||
| 005 | 20210106111628.0 | ||
| 008 | 190216s9999||||xx |||||||||||||| ||und|| | ||
| 020 | _a9788126410781 | ||
| 040 | _coclc | ||
| 082 |
_a894.812301 _bSEB/N |
||
| 100 |
_aSebastian, K A _96994 |
||
| 245 | 0 |
_aNalpatham Number Mazha / _cK A Sebastian |
|
| 260 |
_bDc Books, _aKottayam: _c2005. |
||
| 300 | _a72p | ||
| 650 | _aKathakal | ||
| 942 |
_cBK _2ddc _h894.812301 _iSEB/N _k894.812301 _mSEB/N |
||